LIBRARY & INFORMATION CENTRE, KCAET, TAVANUR

ONLINE PUBLIC ACCESS CATALOGUE (OPAC)

Comparative study of different soil moisture measuring methods (Record no. 15219)

MARC details
000 -LEADER
fixed length control field 00643nam a22001937a 4500
003 - CONTROL NUMBER IDENTIFIER
control field OSt
088 ## - REPORT NUMBER
Report number P 113
100 ## - MAIN ENTRY--AUTHOR NAME
Personal name PRAKASH MOHAN M. M
245 ## - TITLE STATEMENT
Title Comparative study of different soil moisture measuring methods
260 ## - PUBLICATION, DISTRIBUTION, ETC. (IMPRINT)
Place of publication Tavanur 2001
Name of publisher Kelappaji College of Agricultural Engineering and Technology
300 ## - PHYSICAL DESCRIPTION
Number of Pages 72
500 ## - GENERAL NOTE
General note Comparative study of different soil moisture measuring methods
520 ## - SUMMARY, ETC.
Summary, etc Comparative study of different soil moisture measuring methods
700 ## - ADDED ENTRY--PERSONAL NAME
Personal name Rajitha K
700 ## - ADDED ENTRY--PERSONAL NAME
Personal name Sudha P
700 ## - ADDED ENTRY--PERSONAL NAME
Personal name Er. Shyla Joseph (Guide)
942 ## - ADDED ENTRY ELEMENTS (KOHA)
Koha item type Project Report
Holdings
Collection code Home library Current library Shelving location Full call number Accession Number Koha item type
Reference KAUAET KAUAET Reference 631.75807 PRA/CO P 113 Project Report
free website counter